| 000 | 00855cam a22002778a 4500 | ||
|---|---|---|---|
| 008 | |||
| 020 | _a0443103933 (pbk) | ||
| 049 | _aMAIN | ||
| 090 |
_aRJ50 _bGIL |
||
| 100 | 1 | _aGill, Denis. | |
| 245 | 1 | 0 |
_aPaediatric clinical examination made easy / _cDenis Gill, Niall O'Brien. |
| 250 | _a5th ed. | ||
| 260 |
_aEdinburgh : _bChurchill Livingstone, _c2007. |
||
| 300 |
_axi, 289p. ; _bill. : _c18cm. |
||
| 500 | _aIncludes index. | ||
| 504 | _aIncludes bibliographical references. | ||
| 650 | 0 |
_aChildren _xMedical examinations _vHandbooks, manuals, etc. |
|
| 650 | 0 |
_aPhysical diagnosis _vHandbooks, manuals, etc. |
|
| 650 | 2 | 2 | _aInfant. |
| 700 | 1 | _aO'Brien, Niall. | |
| 907 |
_a.b10289124 _b29-01-14 _c05-01-11 |
||
| 003 | |||
| 005 | 20230120204106.0 | ||
| 040 | _cNUST | ||
| 942 |
_cBOOKS _kRJ50 _mGIL |
||
| 999 |
_c116974 _d116974 |
||